Estadísticas para Prueba de San Cristóbal y Nieves

Haz click aquí para tomar la prueba!

Estadísticas generales

  • Esta prueba ha sido tomada 509 veces
  • La puntuación promedio es 8 de 13

Estadísticas de respuestas

PistaRespuesta% Correcto
Mar limítrofeMar Caribe
98%
País del que San Cristobal y Nieves obtuvo su independencia en 1983Reino Unido
92%
San Cristóbal es el país más _____ del hemisferio occidental, por superficie y poblaciónPequeño
79%
El deporte más popularCricket
76%
San Cristóbal es el segundo país con mayor número de estas personas per cápita, sólo superado por Mónaco.Billonarios
70%
Capital de San Cristóbal y NievesBasseterre
66%
Técnicamente, es la Jefa de Estado de San Cristóbal y NievesIsabel II
64%
País que controla la isla de San Eustaquio, a sólo 10 km de San Cristóbal.Países Bajos
63%
Término paraguas para las islas y aguas dentro y alrededor de ese mar{Indias} Occidentales
40%
Nombra una de las tres ramas protestantes a las que pertenece la mitad de la poblaciónAnglicana | Metodista |
Pentecostal
35%
Padre fundador de los EE.UU. que nació en Nieves en 1757, ahora el tema de una obra de teatro de BroadwayAlexander Hamilton
32%
La ciudad más poblada y capital de la isla de Nieves, llamada así por un reyCharlestown
25%
Canal poco profundo entre las islas de San Cristóbal y NievesNarrows
21%

Distribución de puntuación

Porcentaje por número respondido

Porcentaje de gente con cada puntuación

Historial de tus puntuaciones

No has tomado esta prueba